00527nam a2200205Ia 4500003000400000005001700004008004100021020001800062040000700080041000800087082001700095100003600112245004200148250000600190260004500196300001700241365001300258650002400271650002600295OSt20230403093747.0210423s2010 xx 000 0 und d a9780070085794 cAL aeng a332.644 HULJ aHULL (John C);BASU (Sankarshan) aOptions futures and other derivatives a7 aChennaibPearson Education Pvt Ltdc2010 axxii,841bPB b525cINR aFinancial Economics aInvestment Management